01383nab a22002657a 4500999001500000003000400015005001700019008004100036040001100077100003200088245009000120260007300210300001500283500003700298505036400335505008900699650002800788650001900816650003000835650002500865650003900890650003500929773014000964942001301104 c5301d5301OSt20250312062538.0190603e xxum|||| |||| 00| 0 spa d cPJ-TDF aLeonardi, Juan Manuel9545613aLa bilateralidad también rige en los juicios de alimentos /cJuan Manuel Leonardi.  cCiudad Autónoma de Buenos Aires :aThomson Reuters La Ley, b2023. ap. 113-121 aCita: TR LALEY AR/DOC/2043/2023. aSumario: I. Introducción.— II. El origen del problema: la disparidad de los procedimientos.— III. Intento de solucionar la contradicción.— IV. La situación actual.— V. El proceso de acuerdo con el Código Civil y Comercial.— VI. Incidencias procesales del Código Civil y Comercial.— VII. Contestación de demanda.— VIII. Conclusiones.  t¿Te interesa el texto completo? Solicitalo al correo: koha@justierradelfuego.gov.ar 09967aDERECHO DE FAMILIA 09968aALIMENTOS 0aPROCESOS DE FAMILIA93874 0aPRESCRIPCIÓN93092 0aCONTESTACIÓN DE LA DEMANDA93295 0aRESPONSABILIDAD PARENTAL910150 0271393170dCiudad Autónoma de Buenos Aires : Thomson Reuters La Ley, 2015-tRevista Código Civil y Comercial. Nº 5 - Octubre 2023 2udccANA